[Event "Düsseldorfer SK 1 - PSV Duisburg 1"]
[Site "Oberliga NRW 2012/2013"]
[Date "2012.11.18"]
[Round "3.5"]
[White "Schiffer, Kai-Uwe"]
[Black "Mueller, Michael"]
[Result "1-0"]
[WhiteElo "2251"]
[BlackElo "2150"]
[PlyCount "77"]
[EventDate "2012.??.??"]
[WhiteTeam "PSV Duisburg 1"]
[BlackTeam "Düsseldorfer SK 1"]

1. e4 e6 2. d4 d5 3. Nc3 Bb4 4. e5 Ne7 5. a3 Bxc3+ 6. bxc3 Bd7 7. h4 Ba4 8. h5
h6 9. Bd3 c5 10. Nf3 c4 11. Bf1 Kd7 12. g3 Qg8 13. Bh3 Qh7 14. Ra2 Kc7 15. O-O
Nd7 16. Nh4 Rhg8 17. Kh2 Nb6 18. Ng2 Rae8 19. Re1 Kb8 20. Ne3 Ka8 21. Bd2 Bc6
22. Qf3 Na4 23. Raa1 Rgf8 24. Qe2 a6 25. Rab1 Ka7 26. Rf1 Nc8 27. f4 f6 28. f5
fxe5 29. dxe5 exf5 30. Nxf5 g6 31. Nd4 gxh5 32. Qxh5 Nc5 33. Be3 Ka8 34. Nxc6
Qxc2+ 35. Bg2 Nd3 36. Nd4 Qa2 37. e6 Ne7 38. Rxf8 Rxf8 39. Rf1 1-0

[Event "Düsseldorfer SK 1 - PSV Duisburg 1"]
[Site "Oberliga NRW 2012/2013"]
[Date "2012.11.18"]
[Round "3.6"]
[White "Luncescu, Christian"]
[Black "Heisel, Guido"]
[Result "1-0"]
[WhiteElo "2155"]
[BlackElo "2165"]
[PlyCount "83"]
[EventDate "2012.??.??"]
[WhiteTeam "Düsseldorfer SK 1"]
[BlackTeam "PSV Duisburg 1"]

1. e4 g6 2. d4 Bg7 3. Nc3 c5 4. dxc5 Bxc3+ 5. bxc3 Nc6 6. Be3 Qa5 7. Qd2 Nf6 8.
f3 O-O 9. Bd3 b6 10. cxb6 axb6 11. Ne2 d5 12. Nd4 Ne5 13. Nb3 Qa4 14. O-O Ba6
15. Bd4 Ned7 16. e5 Ne8 17. f4 e6 18. Rf3 f6 19. exf6 Nexf6 20. Qe1 Qc6 21. Re3
Ne4 22. Qh4 Bxd3 23. cxd3 Nec5 24. Rae1 e5 25. Bxe5 Rxa2 26. Nd4 Qa8 27. Bd6
Qa3 28. Bxf8 Nxf8 29. Re7 Qb2 30. R7e2 Qxc3 31. Rxa2 Qxd4+ 32. Kh1 Nxd3 33. Re8
Qc5 34. h3 Kf7 35. Rea8 Qc1+ 36. Kh2 Nc5 37. Rxf8+ Kxf8 38. Qf6+ Ke8 39. Ra8+
Kd7 40. Rd8+ Kc7 41. Qd6+ Kb7 42. Rb8+ 1-0

[Event "Düsseldorfer SK 1 - PSV Duisburg 1"]
[Site "Oberliga NRW 2012/2013"]
[Date "2012.11.18"]
[Round "3.7"]
[White "Montignies, Rainer"]
[Black "Partenheimer, Axel"]
[Result "1/2-1/2"]
[WhiteElo "2251"]
[BlackElo "2150"]
[PlyCount "83"]
[EventDate "2012.??.??"]
[WhiteTeam "PSV Duisburg 1"]
[BlackTeam "Düsseldorfer SK 1"]

1. Nf3 c5 2. c4 Nf6 3. g3 b6 4. Bg2 Bb7 5. Nc3 e6 6. O-O Be7 7. d4 cxd4 8. Qxd4
d6 9. Rd1 a6 10. b3 Nbd7 11. Ba3 Nc5 12. Ng5 Bxg2 13. Kxg2 O-O 14. Nge4 Qc7 15.
Rac1 Nfxe4 16. Nxe4 Qb7 17. f3 Nxe4 18. fxe4 Rad8 19. Kg1 Bf6 20. Qd3 Be5 21.
Rc2 Rd7 22. Rcd2 Rfd8 23. Qe3 h6 24. Bb2 Bxb2 25. Rxb2 b5 26. cxb5 Qxb5 27.
Rbd2 a5 28. Kg2 a4 29. Rd3 axb3 30. axb3 Qe5 31. Qd4 Qxd4 32. Rxd4 Rb8 33. Rxd6
Rxd6 34. Rxd6 Rxb3 35. Rd3 Rb5 36. h4 g6 37. Kf3 Kg7 38. Rc3 Kf6 39. Kf4 g5+
40. hxg5+ hxg5+ 41. Kf3 Ke5 42. Ra3 1/2-1/2

[Event "Düsseldorfer SK 1 - PSV Duisburg 1"]
[Site "Oberliga NRW 2012/2013"]
[Date "2012.11.18"]
[Round "3.8"]
[White "Berndt, Axel"]
[Black "Kretschmann, Thomas"]
[Result "1-0"]
[WhiteElo "2120"]
[BlackElo "2121"]
[Annotator "Doe,John"]
[PlyCount "71"]
[EventDate "2012.??.??"]
[WhiteTeam "Düsseldorfer SK 1"]
[BlackTeam "PSV Duisburg 1"]

1. e4 e5 2. Nf3 Nc6 3. d4 exd4 4. Nxd4 Bc5 5. Be3 Qf6 6. c3 d6 7. Bc4 Ne5 8.
Be2 a6 9. O-O Qg6 10. Bh5 Qf6 11. f4 Nc4 12. Bc1 Be6 13. b3 Nb6 14. Kh1 O-O-O
15. Nxe6 fxe6 16. Qe2 Nd7 17. b4 Ba7 18. Be3 Kb8 19. a4 d5 20. e5 Qe7 21. Bxa7+
Kxa7 22. a5 c6 23. Nd2 Nh6 24. c4 Qxb4 25. Rfb1 Qc5 26. cxd5 cxd5 27. Nb3 Qc4
28. Qf2+ Ka8 29. Be2 Qc3 $11 30. Nd4 Rhe8 31. Rc1 Qb2 32. Rab1 Qa2 33. Bxa6
Qxf2 34. Bxb7+ Kb8 35. Bxd5+ Ka7 36. Rc7+ 1-0

[Event "Klub Kölner SF 1 - SG Porz 2"]
[Site "Oberliga NRW 2012/2013"]
[Date "2012.11.18"]
[Round "3.1"]
[White "Miedema, David"]
[Black "Morawietz, Dieter"]
[Result "1/2-1/2"]
[WhiteElo "2339"]
[BlackElo "2342"]
[PlyCount "81"]
[EventDate "2012.??.??"]
[WhiteTeam "SG Porz 2"]
[BlackTeam "Klub Kölner SF 1"]

1. d4 Nf6 2. c4 e6 3. Nf3 b6 4. g3 Bb4+ 5. Bd2 Bxd2+ 6. Nbxd2 Bb7 7. Bg2 d6 8.
O-O O-O 9. Qc2 c5 10. Rfd1 Qe7 11. dxc5 bxc5 12. Ng5 Nc6 13. Nde4 Nxe4 14. Nxe4
Nd4 15. Qd2 f5 16. e3 Nf3+ 17. Bxf3 fxe4 18. Bg4 Rad8 19. Qa5 Bc6 20. Rd2 Rf6
21. Rad1 e5 22. a3 Rdf8 23. b4 cxb4 24. axb4 Qf7 25. c5 Qg6 26. Bh3 Qh5 27. Bf1
d5 28. b5 Bd7 29. Qxa7 Bg4 30. Ra1 Rh6 31. h4 g5 32. Ra6 gxh4 33. Rxh6 Qxh6 34.
Qa6 Qg5 35. gxh4 Qxh4 36. Bg2 Qg5 37. b6 Bf3 38. Qf1 Kh8 39. Kh2 Bxg2 40. Qxg2
Qh4+ 41. Qh3 1/2-1/2

[Event "Klub Kölner SF 1 - SG Porz 2"]
[Site "Oberliga NRW 2012/2013"]
[Date "2012.11.18"]
[Round "3.2"]
[White "Eichhorn, Andreas"]
[Black "Korotkjevich, Stanislav"]
[Result "1/2-1/2"]
[WhiteElo "2289"]
[BlackElo "2352"]
[Annotator "Doe,John"]
[PlyCount "100"]
[EventDate "2012.??.??"]
[WhiteTeam "Klub Kölner SF 1"]
[BlackTeam "SG Porz 2"]

1. g3 e5 2. c4 Nf6 3. Bg2 c6 4. d4 exd4 5. Qxd4 d5 6. Nf3 dxc4 7. Qxd8+ Kxd8 8.
Nbd2 Bb4 9. O-O Be6 10. Ng5 Bxd2 11. Nxe6+ fxe6 12. Bxd2 Nbd7 13. Rac1 Nb6 14.
e4 Ke7 15. Rfd1 Kf7 16. Be3 Rhd8 17. f3 Rxd1+ 18. Rxd1 Na4 19. Rd2 c3 20. bxc3
Nxc3 21. Bh3 Nb5 22. a4 Nc7 23. g4 h6 24. f4 Re8 25. Bxa7 Nxe4 26. Rb2 b5 27.
Bg2 Ra8 28. Bb6 Nd5 29. Bxe4 Nxb6 30. Bxc6 Rxa4 31. Rxb5 Ra1+ 32. Kf2 Nc4 33.
f5 Nd6 34. fxe6+ $11 Kxe6 35. Rc5 Ra2+ 36. Kg3 Ra3+ 37. Kg2 Nf7 38. Be4 Ne5 39.
Rb5 Kf6 40. h3 Re3 41. Bb1 Ra3 42. Be4 Rc3 43. g5+ hxg5 44. Rb6+ Ke7 45. Rb7+
Ke6 46. Rxg7 Re3 47. Bh7 Kf6 48. Rb7 Nf3 49. Kf2 Rc3 50. Rb6+ Kg7 1/2-1/2

[Event "Klub Kölner SF 1 - SG Porz 2"]
[Site "Oberliga NRW 2012/2013"]
[Date "2012.11.18"]
[Round "3.3"]
[White "Malykin, Vitaly"]
[Black "Helbig, Mark"]
[Result "1-0"]
[WhiteElo "2340"]
[BlackElo "2246"]
[PlyCount "97"]
[EventDate "2012.??.??"]
[WhiteTeam "SG Porz 2"]
[BlackTeam "Klub Kölner SF 1"]

1. Nf3 Nf6 2. c4 g6 3. Nc3 Bg7 4. e4 d6 5. d4 O-O 6. Be2 e5 7. O-O Na6 8. Re1
Qe8 9. Bf1 Bg4 10. d5 Nb4 11. Qb3 a5 12. a3 Na6 13. Qxb7 a4 14. c5 Nxc5 15.
Qxc7 Qb8 16. Qxb8 Rfxb8 17. Nd2 Bf8 18. Rb1 Bc8 19. Na2 Ba6 20. Nb4 Bxf1 21.
Kxf1 Nfd7 22. Nc4 Rb7 23. Bd2 Nb3 24. Bc3 f6 25. Rbd1 Ndc5 26. g3 Re8 27. Nc6
Rf7 28. Bb4 Rd7 29. f3 h5 30. Re3 Kf7 31. Nb6 Rb7 32. Nxa4 Nd4 33. Nxc5 dxc5
34. Bc3 Bh6 35. Red3 c4 36. Rxd4 exd4 37. Rxd4 Bc1 38. Na5 Rbb8 39. Nxc4 Ke7
40. Ke2 h4 41. f4 g5 42. Kd1 gxf4 43. Kxc1 fxg3 44. hxg3 hxg3 45. Rd2 Rh8 46.
Rg2 Rh1+ 47. Kd2 Rh2 48. Ne3 Rbh8 49. Ke2 1-0

[Event "Klub Kölner SF 1 - SG Porz 2"]
[Site "Oberliga NRW 2012/2013"]
[Date "2012.11.18"]
[Round "3.4"]
[White "Raasch, Joerg"]
[Black "Gallinnis, Norbert"]
[Result "0-1"]
[WhiteElo "2238"]
[BlackElo "2278"]
[PlyCount "72"]
[EventDate "2012.??.??"]
[WhiteTeam "Klub Kölner SF 1"]
[BlackTeam "SG Porz 2"]

1. Nf3 Nf6 2. c4 c5 3. g3 b6 4. Bg2 Bb7 5. O-O e6 6. b3 Be7 7. Bb2 O-O 8. Nc3
a6 9. d4 cxd4 10. Qxd4 d6 11. Rfd1 Nbd7 12. Nh4 Qc7 13. Bxb7 Qxb7 14. Ng2 b5
15. Rab1 Ne5 16. Ne3 Rfc8 17. cxb5 axb5 18. Nf1 Nc6 19. Qd3 Rcb8 20. Ra1 d5 21.
Rdc1 Ra6 22. Nd2 Nb4 23. Qb1 Qa7 24. a3 Nc6 25. b4 Ng4 26. Nd1 Bg5 27. Rc2 Ra8
28. Nf3 Bf6 29. h3 Nge5 30. Nxe5 Nxe5 31. Rc5 Nc4 32. Bxf6 gxf6 33. Qc1 Rxa3
34. Rb1 Qb8 35. Kh2 Qe5 36. Nc3 Rxc3 0-1

[Event "Klub Kölner SF 1 - SG Porz 2"]
[Site "Oberliga NRW 2012/2013"]
[Date "2012.11.18"]
[Round "3.6"]
[White "Bonnmann, Reinhard"]
[Black "Heedt, Thorsten"]
[Result "1/2-1/2"]
[WhiteElo "2210"]
[BlackElo "2099"]
[PlyCount "107"]
[EventDate "2012.??.??"]
[WhiteTeam "Klub Kölner SF 1"]
[BlackTeam "SG Porz 2"]

1. d4 Nf6 2. Nf3 g6 3. c4 Bg7 4. Nc3 d6 5. e4 O-O 6. Be2 Na6 7. Bg5 c5 8. d5
Nc7 9. O-O a6 10. Re1 Rb8 11. e5 Nfe8 12. Bf4 b5 13. b3 Bg4 14. Rc1 Bxf3 15.
Bxf3 dxe5 16. Bxe5 Bxe5 17. Rxe5 Nd6 18. cxb5 axb5 19. Re1 Nce8 20. a4 b4 21.
Ne2 Rc8 22. Nf4 Nf5 23. Nd3 Qb6 24. Ne5 Qd6 25. Bg4 Neg7 26. Nc4 Qf6 27. Qd3
Rfd8 28. Qe4 h5 29. Bxf5 Nxf5 30. Ne5 Nd4 31. Re3 Qg5 32. Rce1 f5 33. Qd3 f4
34. Re4 Rxd5 35. Qc4 e6 36. h4 Qf5 37. Nd3 Qg4 38. Kf1 Qxh4 39. Rxd4 Rxd4 40.
Qxe6+ Kh7 41. Qxc8 Rxd3 42. Qc7+ Kh6 43. Qxc5 Rd7 44. Qxb4 Qh1+ 45. Ke2 Qxg2
46. Qxf4+ Kh7 47. Rc1 Re7+ 48. Kd2 Qd5+ 49. Kc3 Rf7 50. Rd1 Qc5+ 51. Qc4 Qxf2
52. Rd2 Rf3+ 53. Kc2 Qa7 54. Kb2 1/2-1/2

[Event "Klub Kölner SF 1 - SG Porz 2"]
[Site "Oberliga NRW 2012/2013"]
[Date "2012.11.18"]
[Round "3.7"]
[White "Xu, Xianliang"]
[Black "Wisskirchen, Andreas"]
[Result "1/2-1/2"]
[WhiteElo "2019"]
[BlackElo "2205"]
[PlyCount "112"]
[EventDate "2012.??.??"]
[WhiteTeam "SG Porz 2"]
[BlackTeam "Klub Kölner SF 1"]

1. e4 c5 2. c3 d6 3. d4 Nf6 4. Bd3 Nc6 5. Nf3 cxd4 6. cxd4 g6 7. O-O Bg7 8. h3
O-O 9. Nc3 e5 10. dxe5 dxe5 11. Be3 b6 12. Bb5 Bb7 13. Qa4 Nd4 14. Nxd4 exd4
15. Bxd4 a6 16. Be2 b5 17. Qd1 Nxe4 18. Bxg7 Kxg7 19. Nxe4 Bxe4 20. Qxd8 Rfxd8
21. Rfd1 Rac8 22. Rxd8 Rxd8 23. Rd1 Rxd1+ 24. Bxd1 Bd5 25. a3 Kf6 26. g3 Ke5
27. Kf1 Kd4 28. Bc2 Be4 29. Bb3 f6 30. Ke2 g5 31. Be6 a5 32. Kd2 Bg2 33. Bc8
Bf1 34. Bd7 Bc4 35. Bc8 h6 36. Bd7 b4 37. axb4 axb4 38. Bc8 Bd5 39. Ba6 Be6 40.
Bf1 Bf5 41. Bg2 Be6 42. Bf1 f5 43. Bg2 f4 44. gxf4 gxf4 45. h4 Bf5 46. Bf3 Bd3
47. Bc6 Be4 48. Bd7 Bd5 49. Bf5 Ke5 50. Bg6 Be4 51. Be8 Kd4 52. Bd7 f3 53. Be8
Bd5 54. Bg6 Bc4 55. Bc2 Bd5 56. Bg6 Bc6 1/2-1/2

[Event "Klub Kölner SF 1 - SG Porz 2"]
[Site "Oberliga NRW 2012/2013"]
[Date "2012.11.18"]
[Round "3.8"]
[White "Schmidt, Kai-Uwe"]
[Black "Pauly, Carlo"]
[Result "1-0"]
[WhiteElo "1968"]
[BlackElo "2076"]
[PlyCount "33"]
[EventDate "2012.??.??"]
[WhiteTeam "Klub Kölner SF 1"]
[BlackTeam "SG Porz 2"]

1. d4 d5 2. c4 Nc6 3. Nf3 Bg4 4. e3 e5 5. Qb3 Na5 6. Qa4+ c6 7. Nxe5 Be6 8.
cxd5 Qxd5 9. Bd2 f6 10. Nd3 b6 11. Nf4 Qd7 12. Bxa5 bxa5 13. Nc3 Rb8 14. d5
Rxb2 15. O-O-O Rb8 16. Nxe6 Ne7 17. dxc6 1-0

[Event "SV Erkenschwick 1 - SC Hansa Dortmund 2"]
[Site "Oberliga NRW 2012/2013"]
[Date "2012.11.18"]
[Round "3.1"]
[White "Kotter, Ralf"]
[Black "Erwich, Marc"]
[Result "0-1"]
[WhiteElo "2293"]
[BlackElo "2346"]
[PlyCount "82"]
[EventDate "2012.??.??"]
[WhiteTeam "SC Hansa Dortmund 2"]
[BlackTeam "SV Erkenschwick 1"]

1. e4 e5 2. Nf3 Nc6 3. Bc4 Bc5 4. c3 Nf6 5. d3 d6 6. h3 O-O 7. Bb3 d5 8. Qe2 d4
9. O-O a6 10. Bg5 h6 11. Bh4 Qd6 12. cxd4 Nxd4 13. Nxd4 Bxd4 14. Nd2 b5 15. Nf3
g5 16. Bg3 c5 17. Kh1 Bd7 18. Rac1 a5 19. a3 Rfc8 20. Rfd1 Kg7 21. Ba2 Kg6 22.
Bh2 Be6 23. Bxe6 fxe6 24. Rc2 Nh5 25. Nh4+ gxh4 26. Qg4+ Kh7 27. Qxh5 Rg8 28.
Qxh4 Raf8 29. f3 a4 30. Qe1 b4 31. axb4 cxb4 32. Rdc1 Rg7 33. Rc6 Qe7 34. Qd2
a3 35. bxa3 bxa3 36. Ra6 Rfg8 37. g4 Rf8 38. Kg2 Rgf7 39. Qa5 Qb7 40. Rc2 Qb1
41. Rc7 Qxd3 0-1

[Event "SV Erkenschwick 1 - SC Hansa Dortmund 2"]
[Site "Oberliga NRW 2012/2013"]
[Date "2012.11.18"]
[Round "3.2"]
[White "Willemze, Thomas"]
[Black "Ackermann, Hans Werner"]
[Result "0-1"]
[WhiteElo "2341"]
[BlackElo "2229"]
[PlyCount "152"]
[EventDate "2012.??.??"]
[WhiteTeam "SV Erkenschwick 1"]
[BlackTeam "SC Hansa Dortmund 2"]

1. e4 c5 2. Nf3 a6 3. g3 Nc6 4. Bg2 Nf6 5. Qe2 e5 6. O-O d6 7. c3 Be7 8. Na3
O-O 9. Nc2 Re8 10. d3 Bf8 11. Ne3 Ne7 12. h3 g6 13. a4 Rb8 14. Nh2 Bg7 15. Nhg4
Nh5 16. Nc4 b5 17. axb5 axb5 18. Na5 Be6 19. b4 cxb4 20. cxb4 Qd7 21. Kh2 Kh8
22. Bb2 Rf8 23. Ne3 Kg8 24. Rad1 Nc6 25. Nxc6 Qxc6 26. Bf3 Nf6 27. d4 Bc4 28.
Nxc4 Qxc4 29. dxe5 dxe5 30. Bxe5 Ng4+ 31. Bxg4 Bxe5 32. Rd5 Bc3 33. Qxc4 bxc4
34. Rc1 Bxb4 35. Rxc4 Be1 36. Rc2 Rfe8 37. Re2 Bc3 38. Bd7 Re5 39. Rd3 Rb2 40.
Rxb2 Bxb2 41. Bc6 Re7 42. Kg2 Kg7 43. Rb3 Bd4 44. Rb4 Bc3 45. Ra4 Rc7 46. Bd5
h6 47. f4 Be1 48. Ra1 Bd2 49. Kf2 Bc3 50. Rb1 Bd4+ 51. Ke2 h5 52. Rb5 Bg1 53.
Kf3 Bd4 54. e5 Bg1 55. Rb1 Bd4 56. g4 hxg4+ 57. hxg4 Rc3+ 58. Ke4 Bf2 59. f5
Re3+ 60. Kf4 g5+ 61. Kxg5 Rxe5 62. Bc4 Be3+ 63. Kh5 Rc5 64. Re1 Bd2 65. Re4 Kf6
66. Kh4 Rc7 67. Kg3 Bg5 68. Rd4 Ke5 69. Rd5+ Ke4 70. f6 Bf4+ 71. Kh4 Rxc4 72.
Ra5 Rc1 73. g5 Kf3 74. Ra3+ Be3 75. Rxe3+ Kxe3 76. g6 Rh1+ 0-1

[Event "SV Erkenschwick 1 - SC Hansa Dortmund 2"]
[Site "Oberliga NRW 2012/2013"]
[Date "2012.11.18"]
[Round "3.3"]
[White "Karger, Frank"]
[Black "Erwich, Frank"]
[Result "0-1"]
[WhiteElo "2245"]
[BlackElo "2331"]
[PlyCount "112"]
[EventDate "2012.??.??"]
[WhiteTeam "SC Hansa Dortmund 2"]
[BlackTeam "SV Erkenschwick 1"]

1. d4 Nf6 2. c4 e6 3. Nc3 Bb4 4. f3 d5 5. a3 Bxc3+ 6. bxc3 c5 7. cxd5 Nxd5 8.
dxc5 f5 9. c4 Qh4+ 10. g3 Qxc4 11. e4 Qc3+ 12. Bd2 Qe5 13. Bg2 fxe4 14. f4 Qf6
15. Bxe4 Nc3 16. Bxc3 Qxc3+ 17. Kf1 O-O 18. Nf3 Nd7 19. Kg2 Qb2+ 20. Bc2 Nxc5
21. Re1 b6 22. Qe2 Qf6 23. h4 Bb7 24. Kh3 Qc3 25. Ng5 h6 26. Rac1 Qxa3 27. Qh5
Rf6 28. Nh7 Rxf4 29. Rf1 Rf3 30. Qg6 Rxg3+ 31. Qxg3 Qxg3+ 32. Kxg3 Be4 33. Ng5
hxg5 34. hxg5 Kh7 35. Bxe4+ Nxe4+ 36. Kf4 Nc5 37. Kg4 Kg6 38. Rf3 Rd8 39. Rcf1
Rd5 40. Rf7 Rxg5+ 41. Kh3 a5 42. Ra7 Rh5+ 43. Kg2 Rf5 44. Rb1 Na4 45. Rd1 Rd5
46. Rxd5 exd5 47. Rd7 Nc3 48. Kf3 b5 49. Ke3 b4 50. Kd4 Kf6 51. Rd8 g5 52. Ra8
g4 53. Rxa5 g3 54. Ke3 b3 55. Ra6+ Ke5 56. Rb6 b2 0-1

[Event "SV Erkenschwick 1 - SC Hansa Dortmund 2"]
[Site "Oberliga NRW 2012/2013"]
[Date "2012.11.18"]
[Round "3.4"]
[White "Van Beek, Alexander"]
[Black "Rumpf, Thomas"]
[Result "1-0"]
[WhiteElo "2261"]
[BlackElo "2085"]
[PlyCount "87"]
[EventDate "2012.??.??"]
[WhiteTeam "SV Erkenschwick 1"]
[BlackTeam "SC Hansa Dortmund 2"]

1. e4 e5 2. Nf3 Nc6 3. Bb5 a6 4. Ba4 Nf6 5. O-O Be7 6. Re1 b5 7. Bb3 O-O 8. a4
Bb7 9. d3 d6 10. Nc3 Nd4 11. Nxd4 exd4 12. Ne2 c5 13. Ng3 Rc8 14. Nf5 d5 15.
exd5 Rc7 16. axb5 axb5 17. Bf4 Rd7 18. d6 Bxd6 19. Bxd6 Rxd6 20. Nxd6 Qxd6 21.
Qe2 h5 22. f3 Re8 23. Qf2 Rxe1+ 24. Rxe1 Bd5 25. Qg3 Qc6 26. Bxd5 Nxd5 27. Qe5
Ne3 28. Qxh5 Qc7 29. Qg5 f6 30. Qg6 Qa5 31. Qe8+ Kh7 32. Qh5+ Kg8 33. Qe8+ Kh7
34. Rxe3 dxe3 35. Qxe3 Qa1+ 36. Kf2 Qxb2 37. Qxc5 b4 38. Kg3 Qb1 39. Qf5+ Kh6
40. Kg4 g6 41. Qxf6 Kh7 42. Kg5 Qxc2 43. Qf7+ Kh8 44. Kh6 1-0

[Event "SV Erkenschwick 1 - SC Hansa Dortmund 2"]
[Site "Oberliga NRW 2012/2013"]
[Date "2012.11.18"]
[Round "3.5"]
[White "Sundorf, Jannik"]
[Black "Homs, Guust"]
[Result "1-0"]
[WhiteElo "2165"]
[BlackElo "2159"]
[PlyCount "65"]
[EventDate "2012.??.??"]
[WhiteTeam "SC Hansa Dortmund 2"]
[BlackTeam "SV Erkenschwick 1"]

1. d4 d5 2. Nf3 Nf6 3. c4 e6 4. g3 dxc4 5. Bg2 c5 6. O-O Nc6 7. dxc5 Qxd1 8.
Rxd1 Bxc5 9. Nbd2 c3 10. bxc3 O-O 11. Nb3 Bb6 12. Nfd4 Rd8 13. Bg5 Bd7 14. Nb5
h6 15. Bxf6 gxf6 16. Nd6 Bc8 17. c4 Rb8 18. c5 Bc7 19. Nb5 Be5 20. Rxd8+ Nxd8
21. Rd1 Nc6 22. Bxc6 bxc6 23. Rd8+ Kg7 24. Nd6 Rxb3 25. axb3 Ba6 26. Rd7 Bxe2
27. Nxf7 Bc3 28. Ne5+ Kg8 29. Nxc6 a6 30. Nd4 Bg4 31. f3 Bh3 32. c6 e5 33. g4
1-0

[Event "SV Erkenschwick 1 - SC Hansa Dortmund 2"]
[Site "Oberliga NRW 2012/2013"]
[Date "2012.11.18"]
[Round "3.6"]
[White "Krings, Christoph"]
[Black "Rempel, Eugen"]
[Result "0-1"]
[WhiteElo "2121"]
[BlackElo "2115"]
[PlyCount "74"]
[EventDate "2012.??.??"]
[WhiteTeam "SV Erkenschwick 1"]
[BlackTeam "SC Hansa Dortmund 2"]

1. d4 Nf6 2. Nf3 e6 3. g3 c5 4. Bg2 d5 5. O-O cxd4 6. Nxd4 e5 7. Nf3 Nc6 8. c4
d4 9. b3 Bg4 10. h3 Bh5 11. Ng5 Bc5 12. Ba3 Bxa3 13. Nxa3 O-O 14. Ne4 Nxe4 15.
Bxe4 f5 16. Bd5+ Bf7 17. Bxc6 bxc6 18. Nc2 c5 19. Qd2 Qc7 20. e3 Rad8 21. exd4
cxd4 22. Rad1 Bh5 23. f3 d3 24. Ne3 e4 25. g4 fxg4 26. hxg4 Bg6 27. Nd5 Qc5+
28. Kh1 Rxd5 29. cxd5 e3 30. Rc1 e2 31. Rg1 Qxd5 32. Rg3 Rxf3 33. Rxf3 Qxf3+
34. Kh2 Qxg4 35. Qe3 Be4 36. Qf2 d2 37. Rc7 Qh5+ 0-1

[Event "SV Erkenschwick 1 - SC Hansa Dortmund 2"]
[Site "Oberliga NRW 2012/2013"]
[Date "2012.11.18"]
[Round "3.7"]
[White "Linker, Walter"]
[Black "Eggenstein, Frank"]
[Result "1/2-1/2"]
[WhiteElo "2026"]
[BlackElo "1989"]
[PlyCount "52"]
[EventDate "2012.??.??"]
[WhiteTeam "SC Hansa Dortmund 2"]
[BlackTeam "SV Erkenschwick 1"]

1. b3 e5 2. Bb2 d6 3. e3 Nf6 4. d4 exd4 5. Qxd4 Nc6 6. Qd1 d5 7. Nf3 Bb4+ 8. c3
Bd6 9. Nbd2 Bf5 10. Bb5 O-O 11. Bxc6 bxc6 12. Nd4 Bd7 13. Qc2 Qc8 14. c4 c5 15.
N4f3 d4 16. exd4 Re8+ 17. Kf1 cxd4 18. Bxd4 c5 19. Bb2 Bc6 20. h4 Ne4 21. Nxe4
Bxe4 22. Qd2 Qc7 23. Qc3 f6 24. h5 h6 25. Rh4 Rad8 26. Re1 Qc6 1/2-1/2

[Event "SV Erkenschwick 1 - SC Hansa Dortmund 2"]
[Site "Oberliga NRW 2012/2013"]
[Date "2012.11.18"]
[Round "3.8"]
[White "Strozewski, Frank"]
[Black "Prueske, Wolfgang"]
[Result "0-1"]
[WhiteElo "1980"]
[BlackElo "2005"]
[PlyCount "56"]
[EventDate "2012.??.??"]
[WhiteTeam "SV Erkenschwick 1"]
[BlackTeam "SC Hansa Dortmund 2"]

1. c4 e5 2. Nc3 Nf6 3. e4 Bb4 4. d3 Bxc3+ 5. bxc3 O-O 6. g3 c6 7. Bg2 d5 8.
cxd5 cxd5 9. exd5 Nxd5 10. Ne2 Nc6 11. O-O Bg4 12. Bb2 Re8 13. Re1 Qd7 14. Qd2
Rad8 15. Nc1 Nf6 16. Rb1 e4 17. c4 exd3 18. Rxe8+ Nxe8 19. Bd5 Be6 20. Qxd3 Bf5
21. Bxc6 Qxd3 22. Nxd3 bxc6 23. Re1 Bxd3 24. c5 Bc4 25. a3 Kf8 26. Be5 f6 27.
Bf4 g5 28. Bc1 Bb3 0-1

[Event "SV Mülheim-Nord 2 - SV Erkenschwick 1"]
[Site "Oberliga NRW 2012/2013"]
[Date "2012.12.16"]
[Round "4.1"]
[White "Erwich, Marc"]
[Black "Saltaev, Mihail"]
[Result "1/2-1/2"]
[WhiteElo "2346"]
[BlackElo "2451"]
[PlyCount "115"]
[EventDate "2012.??.??"]
[WhiteTeam "SV Erkenschwick 1"]
[BlackTeam "SV Mülheim-Nord 2"]

1. e4 c6 2. d4 d5 3. exd5 cxd5 4. c4 Nf6 5. Nc3 e6 6. Nf3 Bb4 7. Bd3 dxc4 8.
Bxc4 O-O 9. O-O Nbd7 10. Bg5 Nb6 11. Bd3 Be7 12. Ne5 h6 13. Bh4 Bd7 14. Rc1
Nfd5 15. Bg3 Bg5 16. Nxd5 Nxd5 17. f4 Bf6 18. Qe2 g6 19. Qe4 Bg7 20. Bc4 Bc6
21. Nxc6 bxc6 22. Bb3 Rc8 23. Bf2 Qd6 24. g3 Rfd8 25. Rfd1 h5 26. Kg2 Ne7 27.
Rc3 Rc7 28. h3 Nd5 29. Rc5 h4 30. Bxd5 exd5 31. Qf3 hxg3 32. Bxg3 f5 33. Bf2
Re8 34. Rd2 Re4 35. Rdc2 Bxd4 36. Bxd4 Rxd4 37. Qc3 Qxf4 38. Rxc6 Rg7 39. Qg3
Qe4+ 40. Kh2 Kh7 41. Rc7 Kh6 42. Rg2 Qf4 43. Qxf4+ Rxf4 44. Rc8 Kh7 45. Rd8 Rd4
46. Rd6 f4 47. Rf6 g5 48. Rf5 Kh6 49. Rf6+ Rg6 50. Rxg6+ Kxg6 51. h4 Kh5 52.
hxg5 f3 53. Rf2 Kxg5 54. Kg3 Ra4 55. Rd2 Rxa2 56. Rxd5+ Kf6 57. Rd2 a5 58. Kxf3
1/2-1/2

[Event "SV Mülheim-Nord 2 - SV Erkenschwick 1"]
[Site "Oberliga NRW 2012/2013"]
[Date "2012.12.16"]
[Round "4.2"]
[White "Rezasade, Amir"]
[Black "Willemze, Thomas"]
[Result "0-1"]
[WhiteElo "2302"]
[BlackElo "2341"]
[PlyCount "98"]
[EventDate "2012.??.??"]
[WhiteTeam "SV Mülheim-Nord 2"]
[BlackTeam "SV Erkenschwick 1"]

1. c4 e6 2. g3 d5 3. Bg2 Nf6 4. Nf3 c5 5. cxd5 exd5 6. d4 Nc6 7. O-O Be7 8. Be3
c4 9. b3 cxb3 10. Qxb3 h6 11. Ne5 O-O 12. Rc1 Na5 13. Qd3 Be6 14. Nd2 Rc8 15.
f4 a6 16. Bf2 Bb4 17. Nf1 Bd7 18. Rxc8 Qxc8 19. Nxd7 Qxd7 20. Rb1 Be7 21. Nd2
Qa4 22. Nb3 Qxa2 23. Nxa5 Qxa5 24. Rxb7 Bb4 25. Qb1 Bc3 26. Bf3 Qa4 27. Kg2 a5
28. Qb6 Qc2 29. Rc7 Qd2 30. Qb3 Bb4 31. Rc2 Qd1 32. e4 a4 33. Qxa4 Qd3 34. exd5
Re8 35. Rb2 Bd6 36. Rb6 Re2 37. Bxe2 Qxe2 38. Qb3 Ne4 39. Qf3 Qc2 40. Rc6 Qb1
41. Qe2 f5 42. Bg1 Kh7 43. Rc2 Qb7 44. Qc4 Nf6 45. Qc6 Qe7 46. Qc4 Qe4+ 47. Kf1
Qf3+ 48. Ke1 Nxd5 49. Bf2 Bb4+ 0-1

[Event "SV Mülheim-Nord 2 - SV Erkenschwick 1"]
[Site "Oberliga NRW 2012/2013"]
[Date "2012.12.16"]
[Round "4.3"]
[White "Erwich, Frank"]
[Black "Schoorl, Rob"]
[Result "1/2-1/2"]
[WhiteElo "2331"]
[BlackElo "2356"]
[PlyCount "52"]
[EventDate "2012.??.??"]
[WhiteTeam "SV Erkenschwick 1"]
[BlackTeam "SV Mülheim-Nord 2"]

1. c4 e5 2. g3 Nc6 3. Bg2 g6 4. e3 Bg7 5. Ne2 d6 6. O-O Be6 7. d3 Nge7 8. Nbc3
d5 9. cxd5 Nxd5 10. Na4 b6 11. b3 O-O 12. Ba3 Re8 13. Rc1 Qd7 14. Qc2 Ncb4 15.
Qd2 c5 16. e4 Ne7 17. Bxb4 cxb4 18. Qxb4 Qxd3 19. Nac3 Nc6 20. Qb5 Qxb5 21.
Nxb5 Rec8 22. Nd6 Rc7 23. Nb5 Rcc8 24. Nd6 Rc7 25. Nb5 Rcc8 26. Nd6 Rc7 1/2-1/2

[Event "SV Mülheim-Nord 2 - SV Erkenschwick 1"]
[Site "Oberliga NRW 2012/2013"]
[Date "2012.12.16"]
[Round "4.4"]
[White "Hausrath, Daniel"]
[Black "Van Beek, Alexander"]
[Result "1-0"]
[WhiteElo "2448"]
[BlackElo "2261"]
[PlyCount "117"]
[EventDate "2012.??.??"]
[WhiteTeam "SV Mülheim-Nord 2"]
[BlackTeam "SV Erkenschwick 1"]

1. Nf3 d5 2. g3 Nf6 3. Bg2 c6 4. c4 dxc4 5. O-O Nbd7 6. Qc2 Nb6 7. Na3 Be6 8.
b3 cxb3 9. axb3 Bd5 10. d3 Bxf3 11. Bxf3 e5 12. Nc4 Nxc4 13. bxc4 Bb4 14. Qa4
a5 15. Ba3 O-O 16. Bxb4 axb4 17. Qxb4 Rxa1 18. Rxa1 e4 19. dxe4 Qd4 20. Qb1
Qxc4 21. Qxb7 Nxe4 22. Ra8 Qc1+ 23. Kg2 Nd2 24. Rxf8+ Kxf8 25. Qb8+ Ke7 26.
Qe5+ Kd8 27. Qd6+ Kc8 28. Qxc6+ Qxc6 29. Bxc6 f6 30. Bb5 Kc7 31. Bd3 h6 32. Kh3
Kd6 33. Kg4 Nb3 34. Kf5 Ke7 35. f4 Nd4+ 36. Ke4 Ne6 37. Kd5 Nc7+ 38. Kc6 Ne6
39. e3 Nd8+ 40. Kd5 Ne6 41. Bf5 Nd8 42. e4 Nf7 43. Bg4 Nd8 44. Bd1 Nf7 45. Bb3
Nd6 46. Bc4 Nc8 47. Kc6 Nd6 48. Bd5 Nc8 49. e5 fxe5 50. fxe5 Kf8 51. Be6 Ne7+
52. Kd6 Ke8 53. h4 Kf8 54. h5 Ke8 55. g4 Kf8 56. Kd7 g6 57. Kd6 gxh5 58. gxh5
Ke8 59. Kc7 1-0